000 01219nam a22002777a 4500
003 SEM
005 20260629152531.0
008 260629s2026 ai ||||gr||||||01|||arm|d
020 _a9789939593630
040 _aSEM
_cSEM
041 _aarm
082 _a891.981-3/Խ-91
100 _aԽրիմյան Հայրիկ
_b 125-րդ
_cԿաթողիկոս Ամենայն Հայոց
_d(1820-1892-1907)
_q(Խրիմյան Մկրտիչ Ա. Վանեցի)
245 _aՍիրաք և Սամվել /
_cԽրիմյան Հայրիկ; Թարգմ.՝ Վ. Պարանյան; Խմբ.՝ Լ. Պետրոսյան ; Կաթողիկոսություն Ամենայն Հայոց
246 _aSiraq and Samuel /
246 _aСирах и Самуил /
250 _aԵրրորդ վերահրատարակություն
260 _aՍ. Էջմիածին :
_bՄայր Աթոռ Սուրբ Էջմիածնի հրատ.,
_c2026.
300 _a207 էջ ;
_c16 սմ
650 _aՀայ գրականություն
_xարձակ
653 _aՍԷՄ
700 _aՊարանյան Վալերի
_eթարգմ.
700 _aՊետրոսյան Լիլիթ
_eխմբ.
710 _aԿաթողիկոսություն Ամենայն Հայոց
942 _2udc
_cBK
999 _c77337
_d77337